000 00665nam a22002417a 4500
001 59829
003 UA-OsUOA
005 20220119100220.0
007 ta
008 20090429b un ||||| |||| 00| 0 ukr d
020 _a528000104Х
040 _aUA-OsUOA
_brus
_cUA-OsUOA
_dUA-OsUOA
041 _arus
080 _a82-6
090 _a82-6
_bП27
245 _aПереписка Н. В. Гоголя : в двух томах
260 _aМ.
_bХудожественная литература
_c1988
300 _a527 с.
505 _gТ. 2
650 7 _a82 Література. Літературознавство
_2UDC
942 _cBK
_2udc
955 _a2
999 _c345913
_d345913